000 00477nam a22001811 4500
001 sa 68012712
003 DLC
005 20260227112613.0
008 711115s1951 ii ab 00010 eng
010 _asa 68012712
043 _aa-ii---
050 0 _aHB3639
_b.R28
100 2 0 _aRaghava Rao, G.
245 1 0 _aAre we too many?
_cby G. Raghava Rao.
260 0 _aBangalore,
_bP.T.I. Book Depot
_c[1951]
300 _a40 p.
_billus. map.
_c22 cm.
651 0 _aIndia
_xPopulation.
999 _c84694
_d84694